| 000 | 00443nam a2200145Ia 4500 | ||
|---|---|---|---|
| 003 | OSt | ||
| 005 | 20260129142331.0 | ||
| 008 | 211028s2018 xx 000 0 und d | ||
| 040 | _cAIMIT LIBRARY | ||
| 041 | _aeng | ||
| 100 |
_aKarkera, Nikhil; James, Justine. _g1616125 _97880 |
||
| 245 | _aStudy on quality of work life with reference to delta infralogistics ltd Mangalore / | ||
| 260 |
_aMangalore _bJustine James. _c2018 |
||
| 942 |
_2ddc _cPRO |
||
| 999 |
_c219448 _d219448 |
||